000 00691nam a2200133Ia 4500
008 171212s9999 xx 000 0 und d
020 _a9781921536120
245 _ceditor Wilson, Trevor;Cooke, Graham
_aSteady Hands Needed
_bReflections on the role of the Secretary of Foreign Affairs and Trade in Australia 1979-1999
260 _bANU E Press
_c2008
440 _aAustralia and New Zealand School of Government (ANZSOG)
650 _aAustralia; Dept. of Foreign Affairs; Australia; Dept. of Foreign Affairs and Trade; Australia -- Foreign relations -- 1976-; Australia -- Foreign relations administration
650 _aPolitical Science
856 _uwww.jstor.org/stable/10.2307/j.ctt24hc27
999 _c351322
_d351322